Institutionum imperialum (Record no. 8352)

MARC details
000 -CABECERA
campo de control de longitud fija 00616nam a2200229 a 4500
001 - NÚMERO DE CONTROL
campo de control BRCA_8699
003 - IDENTIFICADOR DEL NÚMERO DE CONTROL
campo de control FranzMayer
005 - FECHA Y HORA DE LA ÚLTIMA TRANSACCIÓN
campo de control 20230724143834.0
008 - DATOS DE LONGITUD FIJA--INFORMACIÓN GENERAL
campo de control de longitud fija 230117s--------sp-#######---#000-0#lat-#
040 ## - FUENTE DE LA CATALOGACIÓN
Centro/agencia transcriptor MFM
041 ## - CÓDIGO DE LENGUA
Código de lengua del texto/banda sonora o título independiente lat.
044 ## - CÓDIGO DEL PAÍS DE LA ENTIDAD EDITORA/PRODUCTORA
Código MARC del país sp.
084 ## - OTRO NÚMERO DE CLASIFICACIÓN
Número de clasificación BE42
Número de documento/Ítem .V55
100 1# - ENTRADA PRINCIPAL--NOMBRE DE PERSONA
Nombre de persona Vinnii, Arnoldi
Fechas asociadas al nombre 1588 - 1657
9 (RLIN) 21675
245 10 - MENCIÓN DE TÍTULO
Título Institutionum imperialum
260 ## - PUBLICACIÓN, DISTRIBUCIÓN, ETC.
Lugar de publicación, distribución, etc. Valencia
Nombre del editor, distribuidor, etc. in oficina Iosephi et Thomae de Orga
Fecha de publicación, distribución, etc. s/a
300 ## - DESCRIPCIÓN FÍSICA
Extensión [4] 336 p. (t.4)
Dimensiones 20 x 15 cm.
500 ## - NOTA GENERAL
Nota general Estado físico: Aparición del pez de plata
650 14 - PUNTO DE ACCESO ADICIONAL DE MATERIA--TÉRMINO DE MATERIA
Término de materia o nombre geográfico como elemento de entrada Derecho romano
9 (RLIN) 21676
902 ## - CATALOGADOR
Iniciales CFM
942 ## - ELEMENTOS DE PUNTO DE ACCESO ADICIONAL (KOHA)
Fuente del sistema de clasificación o colocación Library of Congress Classification
Tipo de ítem Koha Libros
Holdings
Estado de retiro Estado de pérdida Fuente del sistema de clasificación o colocación Estado dañado No para préstamo Código de colección Localización permanente Ubicación/localización actual Fecha de adquisición Fuente de adquisición Total de préstamos Signatura topográfica completa Código de barras Fecha visto por última vez Precio válido a partir de Tipo de ítem Koha
El ejemplar forma parte de la colección y puede ser consultado según las políticas vigentes.   Library of Congress Classification     Conventual Franz Mayer Biblioteca del Museo Franz Mayer (Rogerio Casas-Alatriste) Biblioteca del Museo Franz Mayer (Rogerio Casas-Alatriste) 23/01/2017 Donación   BE42 .V55 CFM00039 22/03/2019 22/03/2019 Libros